000 00600nam a22001817a 4500
003 CEME
005 20210628202338.0
008 210302b xxu||||| |||| 00| 0 eng d
020 _a1-55542-705-7
040 _c.
082 _a658.4012 IMP
100 _aHarari, Oren Imparato, Nicholas
_959457
245 _aJumping the curve, innovation and strategic choice in an age of transition
260 _aSAN FRANCISCO
_bJOSSEY-BASS PUBLISHER
_c1994
300 _aXXV,324P
650 _aSTRATEGIC PLANNING; ORGANIZATIONAL CHANGE; ORGANIZATIONAL BEHAVIOR; CORPORATE CULTURE
_959458
942 _cBK
_2ddc
999 _c569433
_d569433